000 00737nam a2200229 i 4500
001 85024
003 ES-MaACL
005 20231226211011.0
007 t|
008 041124s1961 sp ||||1| spa d
110 2 _aMovimiento Nacional (España).
_bDelegación Nacional de Prensa, Propaganda y Radio.
_95783
245 1 0 _aJosé Antonio en el nuevo horizonte.
260 _aMadrid :
_bEdiciones del Movimiento,
_c1961.
300 _a48 p. ;
_c22 cm.
490 1 _aNuevo horizonte
600 1 4 _aPrimo de Rivera, José Antonio,
_d1903-1936
_9142533
710 2 _aEdiciones del Movimiento.
_9171800
830 1 _aNuevo horizonte
_9181183
852 4 _aES-MaACL
_j2035-F-26
852 4 _aES-MaACL
_j2061-F-17
999 _c85024
_d85024